[Event "European Blitz 2016"]
[Site "Tallinn EST"]
[Date "2016.12.18"]
[Round "26.4"]
[White "Jovanovic, Zoran"]
[Black "Vitiugov, Nikita"]
[Result "0-1"]
[WhiteTitle "GM"]
[BlackTitle "GM"]
[WhiteElo "2534"]
[BlackElo "2726"]
[WhiteFideId "14505320"]
[BlackFideId "4152956"]
[EventDate "2016.12.17"]

1. e4 c5 2. Nc3 e6 3. Nge2 a6 4. g3 b5 5. Bg2 Bb7 6. O-O Nc6 7. d4 cxd4 8. Nxd4
Nge7 9. Bf4 Ng6 10. Be3 Nge5 11. Nxc6 Bxc6 12. Bd4 Ng6 13. Re1 f6 14. Nd5 Kf7
15. Ne3 h5 16. h4 Ne5 17. f4 Nc4 18. Nxc4 bxc4 19. Bf3 Qa5 20. e5 Bc5 21. Bxc6
dxc6 22. Bxc5 Qxc5+ 23. Kg2 Rad8 24. Qe2 Rd4 25. exf6 Qd5+ 26. Kh3 Rd2 27. Qe4
gxf6 28. Rac1 a5 29. Re3 f5 30. Qf3 a4 31. b3 Qxf3 32. Rxf3 Ra8 33. bxc4 Rb8 34.
Rd3 Re2 35. a3 Rb2 36. Rd6 Ra2 37. Rxc6 Rxa3 38. Ra6 Ree3 39. Rg1 Rec3 40. Ra7+
Kf6 41. Rh7 Kg6 42. Re7 Kf6 43. Rh7 Kg6 44. Re7 Kf6 45. Rh7 Kg6 46. Re7 Re3 47.
Ra7 Re2 48. Rc1 Re4 49. c5 Rc3 50. Ra5 Ree3 51. Rg1 a3 52. Rg2 Kf6 53. Rg1 Rxc2
54. Rd1 0-1

[Event "European Blitz 2016"]
[Site "Tallinn EST"]
[Date "2016.12.18"]
[Round "26.5"]
[White "Ponkratov, Pavel"]
[Black "Anton Guijarro, David"]
[Result "1/2-1/2"]
[WhiteTitle "GM"]
[BlackTitle "GM"]
[WhiteElo "2607"]
[BlackElo "2650"]
[WhiteFideId "4157800"]
[BlackFideId "2285525"]
[EventDate "2016.12.17"]

1. d4 Nf6 2. c4 e6 3. g3 Bb4+ 4. Nd2 c5 5. a3 Bxd2+ 6. Qxd2 cxd4 7. Qxd4 Nc6 8.
Qd1 b6 9. Bg2 Bb7 10. b3 O-O 11. Bb2 Rc8 12. Nh3 d5 13. cxd5 Na5 14. e4 exd5 15.
e5 Ba6 16. Nf4 d4 17. b4 Re8 18. e6 g5 19. bxa5 gxf4 20. Bh3 Qd5 21. f3 Qe5+ 22.
Kf2 Qe3+ 23. Kg2 Be2 24. Qxd4 Bxf3+ 25. Kf1 Qxd4 26. Bxd4 Bxh1 27. Bxf6 fxe6 28.
gxf4 Be4 29. Kf2 Kf7 30. Be5 Rc2+ 31. Ke3 Bf5 32. Bf1 Rxh2 33. a6 Rd8 34. Rc1
Rd7 35. Rc8 h5 36. Rb8 Rc2 37. Rb7 Ke8 38. Bb5 Rd2 39. Rxa7 Rd3+ 40. Kf2 Rd2+
41. Kg3 Be4 42. Rc7 Ke7 43. Bxd7 Rxd7 44. Rc4 Bd5 45. Ra4 Ba8 46. a7 Kf7 47. Bb8
Kg6 48. Rb4 Rd3+ 49. Kh2 h4 50. f5+ Kxf5 51. Rxh4 Rxa3 52. Rf4+ Kg5 53. Rb4 Ra6
54. Kg3 Kf5 55. Rb5+ Kf6 56. Kf4 Ke7 57. Rh5 Ra4+ 58. Ke3 Bd5 59. Be5 b5 60.
Rh7+ Ke8 61. Kd2 b4 62. Bd6 Ra2+ 63. Kd3 b3 64. Be5 Kf8 65. Rc7 Ke8 66. Bf6 b2
67. Bxb2 Rxb2 68. Rc8+ Kd7 69. a8=Q Bxa8 70. Rxa8 Kd6 71. Ra5 e5 72. Ke3 Ke6 73.
Ra8 Rb3+ 74. Ke2 Kf5 75. Ra7 Kf4 76. Ra8 Rb2+ 77. Ke1 e4 78. Ra3 Rg2 79. Rb3 Ke5
80. Ra3 Kd4 81. Rb3 Rc2 82. Ra3 Rb2 83. Rh3 Rb1+ 84. Ke2 Rb2+ 85. Ke1 Ra2 86.
Rg3 e3 87. Rg8 Kd3 88. Rd8+ Ke4 89. Rb8 Ra1+ 1/2-1/2

[Event "European Blitz 2016"]
[Site "Tallinn EST"]
[Date "2016.12.18"]
[Round "26.6"]
[White "Bortnyk, Olexandr"]
[Black "Bartel, Mateusz"]
[Result "1-0"]
[WhiteTitle "GM"]
[BlackTitle "GM"]
[WhiteElo "2581"]
[BlackElo "2641"]
[WhiteFideId "14120828"]
[BlackFideId "1112635"]
[EventDate "2016.12.17"]

1. d4 f5 2. Nc3 d5 3. Bf4 a6 4. e3 Nf6 5. Nf3 e6 6. Bd3 Bd6 7. Ne2 O-O 8. O-O b5
9. a4 b4 10. c4 bxc3 11. bxc3 Nc6 12. c4 Nb4 13. c5 Be7 14. Ne5 Nd7 15. Rb1 a5
16. Rxb4 Nxe5 17. Rb2 Nxd3 18. Qxd3 Ba6 19. Qd2 Qd7 20. Rfb1 Qxa4 21. Bxc7 Qd7
22. Be5 a4 23. Rb6 a3 24. Nc3 Bc4 25. Rb7 Qe8 26. f4 Ba6 27. Rc7 Rf7 28. Ra1 Bc4
29. Qc1 a2 30. Qb2 Bf6 31. Rxf7 Kxf7 32. Bxf6 Kxf6 33. h3 Qb8 34. Qf2 Qb3 35.
Qd2 Qb4 36. Ne4+ 1-0

[Event "European Blitz 2016"]
[Site "Tallinn EST"]
[Date "2016.12.18"]
[Round "26.7"]
[White "Andriasian, Zaven"]
[Black "Alekseev, Evgeny"]
[Result "1-0"]
[WhiteTitle "GM"]
[BlackTitle "GM"]
[WhiteElo "2621"]
[BlackElo "2632"]
[WhiteFideId "13302000"]
[BlackFideId "4138147"]
[EventDate "2016.12.17"]

1. e4 e5 2. Nf3 Nc6 3. Bc4 Bc5 4. c3 Nf6 5. d3 d6 6. O-O O-O 7. Nbd2 Bb6 8. Bb3
Ne7 9. d4 Ng6 10. Re1 h6 11. Nc4 Qe7 12. h3 Nh7 13. Ne3 c6 14. Nf5 Qf6 15. Ng3
Ng5 16. Bxg5 hxg5 17. Nh5 Qe7 18. Nh2 Nf4 19. Nxf4 gxf4 20. Qd3 g6 21. a4 Kg7
22. a5 Bc7 23. Bd1 Qg5 24. Nf3 Qf6 25. b4 a6 26. Ra2 Rh8 27. Rd2 Be6 28. c4 Rad8
29. d5 cxd5 30. cxd5 Bd7 31. Nh2 Qg5 32. Nf3 Qf6 33. Nh2 Qg5 34. Nf3 Qe7 35. Qc2
Bb8 36. Be2 Rc8 37. Qb3 Ba7 38. b5 axb5 39. Bxb5 Bc5 40. Bxd7 Qxd7 41. Rb1 Rb8
42. Qb5 Qc7 43. Rc2 Kf6 44. Rbc1 Rhc8 45. Kf1 Ra8 46. Ra1 Ra7 47. g3 fxg3 48.
fxg3 Rca8 49. Rca2 Kg7 50. Kg2 Qe7 51. h4 Ra6 52. Rb1 b6 53. Rba1 Rxa5 54. Rxa5
bxa5 55. Rxa5 Rxa5 56. Qxa5 Qb7 57. Qd2 Qb1 58. Qe2 f5 59. exf5 gxf5 60. Nh2 e4
61. Qh5 Qg1+ 62. Kh3 Qf2 63. Qg5+ Kf7 64. h5 Be3 65. Qg6+ Ke7 66. Qe6+ Kd8 67.
Qxd6+ Kc8 68. Qc6+ Kb8 69. Qb5+ Ka7 70. Qa4+ Kb7 71. Qb5+ Ka7 72. Qa4+ Kb7 73.
d6 Qe2 74. Qd7+ Kb6 75. Qxf5 1-0

[Event "European Blitz 2016"]
[Site "Tallinn EST"]
[Date "2016.12.18"]
[Round "26.9"]
[White "Pavlidis, Antonios"]
[Black "Wojtaszek, Radoslaw"]
[Result "1/2-1/2"]
[WhiteTitle "GM"]
[BlackTitle "GM"]
[WhiteElo "2532"]
[BlackElo "2749"]
[WhiteFideId "4212312"]
[BlackFideId "1118358"]
[EventDate "2016.12.17"]

1. e4 c6 2. d4 d5 3. Nd2 dxe4 4. Nxe4 Nd7 5. Bd3 Ngf6 6. Ng5 e6 7. N1f3 Bd6 8.
Qe2 h6 9. Ne4 Nxe4 10. Qxe4 Qc7 11. Qg4 Kf8 12. O-O b6 13. b3 Bb7 14. Re1 Nf6
15. Qh3 Nd5 16. c4 Nb4 17. Be4 c5 18. a3 Bxe4 19. Rxe4 Nc6 20. Bb2 cxd4 21. Nxd4
Nxd4 22. Bxd4 h5 23. Qf3 Re8 24. h3 Rh6 25. a4 Kg8 26. Rh4 Be5 27. Rd1 Rd8 28.
Bxe5 Rxd1+ 29. Qxd1 Qxe5 30. Rd4 Rf6 31. Rd8+ Kh7 32. Rd7 a5 33. Rd6 g6 34. Qd2
Rf4 35. Rd7 Re4 36. g3 Kg7 37. Kf1 h4 38. Rd3 hxg3 39. Rxg3 Qa1+ 40. Kg2 Re1 41.
Qc3+ Qxc3 42. Rxc3 Rb1 43. c5 bxc5 44. Rxc5 Rxb3 45. Rxa5 Ra3 46. Ra7 e5 47. a5
Kf6 48. a6 Ke6 49. Ra8 f6 50. a7 Kf5 51. Kh2 g5 52. Kg2 e4 53. Kh2 Ra6 54. Kg3
Ra3+ 55. Kg2 Ra2 56. Kg3 Ra6 57. Kg2 Ra3 58. Kh2 Ra2 1/2-1/2

[Event "European Blitz 2016"]
[Site "Tallinn EST"]
[Date "2016.12.18"]
[Round "26.10"]
[White "Bologan, Victor"]
[Black "Riazantsev, Alexander"]
[Result "1-0"]
[WhiteTitle "GM"]
[BlackTitle "GM"]
[WhiteElo "2640"]
[BlackElo "2671"]
[WhiteFideId "13900048"]
[BlackFideId "4125029"]
[EventDate "2016.12.17"]

1. e4 c6 2. d4 d5 3. e5 Bf5 4. Nf3 e6 5. Be2 Nd7 6. O-O Qc7 7. Nh4 Ne7 8. Nd2 c5
9. c4 Bg6 10. Nxg6 hxg6 11. Nf3 cxd4 12. Bf4 dxc4 13. Rc1 Nc6 14. Nxd4 Nxd4 15.
Qxd4 Bc5 16. Qxc4 Qb6 17. Qa4 Ke7 18. Bb5 Rhd8 19. Bd2 a6 20. Bxd7 Rxd7 21. Bg5+
f6 22. exf6+ gxf6 23. Bxf6+ Kxf6 24. Qxd7 Rd8 25. Qh7 Rd4 26. Rc3 Rf4 27. Rf3
Rxf3 28. gxf3 Qd6 29. Qh4+ Kg7 30. Qe4 b6 31. f4 Qd2 32. Qe5+ Kh7 33. Qf6 a5 34.
a3 a4 35. Kg2 Qd5+ 36. Kg1 Qd2 37. Qh4+ Kg7 38. Qg5 Kh7 39. Qe5 Bd4 40. Qxe6
Qxf4 41. Qh3+ Kg7 42. Qg3 Qd2 43. Qc7+ Kh6 44. Qg3 Qxb2 45. Qf4+ Kg7 46. Re1 Bf6
47. Re6 b5 48. Kg2 b4 49. Qxb4 Qc2 50. Qd6 Ba1 51. Re7+ Kh6 52. Qf4+ g5 53. Qd6+
Kh5 54. Re3 g4 55. Qd5+ Kh4 56. Qd8+ Kh5 57. Qe8+ Kh4 58. Qe7+ Kh5 59. Qf7+ Kh4
60. Qf4 Qc6+ 61. Re4 Qg6 62. Rxa4 Qc6+ 63. Re4 Qg6 64. Re7 Qc6+ 65. Qe4 Qf6 66.
Re6 Qf8 67. a4 Bc3 68. Rc6 Qg7 69. Rc8 Bd2 70. Rb8 Qf6 71. Rb7 Bc3 72. Rh7+ Kg5
73. Qd5+ Kg6 74. Qh5# 1-0

[Event "European Blitz 2016"]
[Site "Tallinn EST"]
[Date "2016.12.18"]
[Round "26.11"]
[White "Grandelius, Nils"]
[Black "Movsesian, Sergei"]
[Result "1/2-1/2"]
[WhiteTitle "GM"]
[BlackTitle "GM"]
[WhiteElo "2643"]
[BlackElo "2673"]
[WhiteFideId "1710400"]
[BlackFideId "310204"]
[EventDate "2016.12.17"]

1. d4 Nf6 2. Nc3 d6 3. e4 e5 4. Nf3 Nbd7 5. Bc4 Be7 6. a4 O-O 7. O-O a6 8. a5 b5
9. axb6 cxb6 10. Qe2 Bb7 11. Rd1 b5 12. Bd3 Qc7 13. h3 Rfe8 14. Be3 b4 15. dxe5
bxc3 16. exf6 cxb2 17. Rab1 Bxf6 18. Bd4 Bxd4 19. Nxd4 d5 20. Rxb2 dxe4 21. Bc4
Ne5 22. Ba2 Rad8 23. Qe3 h6 24. c3 Nd3 25. Rc2 Qe5 26. Rb1 Re7 27. Rb6 Qc5 28.
Rb1 Bd5 29. Bxd5 Qxd5 30. Ra1 Qb7 31. Rca2 Ra8 32. Nf5 Re6 33. Qd4 Rg6 34. Ng3
Nf4 35. Qe5 Qb8 36. Qxb8+ Rxb8 37. Rxa6 Rxa6 38. Rxa6 Rb1+ 39. Kh2 Re1 40. Ra8+
Kh7 41. Re8 Nd5 42. Rxe4 Rc1 43. c4 Nb6 44. Rf4 Kg8 45. Rg4 1/2-1/2

[Event "European Blitz 2016"]
[Site "Tallinn EST"]
[Date "2016.12.18"]
[Round "26.12"]
[White "Huzman, Alexander"]
[Black "Cvitan, Ognjen"]
[Result "1/2-1/2"]
[WhiteTitle "GM"]
[BlackTitle "GM"]
[WhiteElo "2557"]
[BlackElo "2491"]
[WhiteFideId "2803828"]
[BlackFideId "14500086"]
[EventDate "2016.12.17"]

1. d4 Nf6 2. Nf3 e6 3. c4 c5 4. g3 d5 5. Bg2 Nc6 6. O-O Be7 7. dxc5 Bxc5 8. a3
Ne4 9. cxd5 exd5 10. b4 Be7 11. Bb2 Bf6 12. Bxf6 Qxf6 13. Qxd5 O-O 14. Nbd2 Nc3
15. Qc5 Nxe2+ 16. Kh1 Bf5 17. b5 Na5 18. Qb4 b6 19. Rae1 Bd3 20. Qh4 Qb2 21. Ne4
Nc3 22. Nfg5 h6 23. Nf6+ gxf6 24. Qxh6 fxg5 25. Qxg5+ Bg6 26. Bxa8 Rxa8 27. h4
Kh7 28. h5 Bd3 29. Qf6 Na4 30. Qxf7+ Qg7 31. Qd5 Bxf1 32. Qxa8 Bxb5 33. Qe4+ Kh8
34. Kg1 Nc5 35. Qd5 Bc6 36. Qd8+ Qg8 37. Qf6+ Qg7 38. Qd8+ Qg8 39. Qf6+ Qg7 1/2-1/2

[Event "European Blitz 2016"]
[Site "Tallinn EST"]
[Date "2016.12.18"]
[Round "26.13"]
[White "Zorko, Jure"]
[Black "Jankovic, Alojzije"]
[Result "0-1"]
[WhiteTitle "IM"]
[BlackTitle "GM"]
[WhiteElo "2454"]
[BlackElo "2591"]
[WhiteFideId "14604051"]
[BlackFideId "14505959"]
[EventDate "2016.12.17"]

1. d4 Nf6 2. Nf3 g6 3. Bg5 Bg7 4. Nbd2 d6 5. c3 O-O 6. e4 h6 7. Bh4 Nc6 8. Be2
e5 9. dxe5 dxe5 10. O-O Qe8 11. Qc2 Kh8 12. Nc4 Ng8 13. Nfd2 f5 14. f3 g5 15.
Bf2 f4 16. b4 h5 17. b5 Nce7 18. a4 g4 19. Rfd1 Qg6 20. Bc5 Bf6 21. Kh1 Be6 22.
a5 b6 23. Bg1 Qg7 24. Nb2 Ng6 25. Bf2 g3 26. hxg3 fxg3 27. Bxg3 Bh4 28. Bh2 Nf4
29. Bf1 Bg3 30. Ndc4 h4 31. Qd2 Nh6 32. Qe3 Nf7 33. Nd2 Bxh2 34. Kxh2 Qg3+ 35.
Kh1 h3 36. Qg1 Rg8 37. Qh2 Qxh2+ 38. Kxh2 hxg2 39. Bc4 Rg6 40. Bxe6 Rxe6 41. Kg3
Rg8+ 42. Kf2 Nh3+ 43. Ke3 g1=Q+ 44. Rxg1 Rxg1 45. Rxg1 Nxg1 46. a6 Nh3 47. Nd3
Nf4 48. Nb4 Nd6 49. c4 Nc8 50. Nb1 Rd6 51. Nc3 Ne6 52. Ncd5 Kg7 53. Nc6 Kf8 54.
Nxe5 Ne7 55. Nb4 Rd1 56. Nbc6 Nxc6 57. Nxc6 Rc1 58. Nxa7 Rxc4 59. Nc6 Ra4 60. f4
Ra3+ 61. Kd2 Nxf4 62. Kc2 Ne6 63. Kb2 Ra4 64. e5 Nc5 65. Nb8 Ra5 66. Kc3 Rxb5
67. a7 Ra5 68. Nc6 Ra4 69. Kb2 Kf7 70. Kc3 Ke6 71. Kb2 Kd5 72. Ne7+ Kxe5 73. Kc2
Kd6 74. Nf5+ Kd7 75. Ne3 Rxa7 0-1

[Event "European Blitz 2016"]
[Site "Tallinn EST"]
[Date "2016.12.18"]
[Round "26.14"]
[White "Sychev, Klementy"]
[Black "Ponomariov, Ruslan"]
[Result "1/2-1/2"]
[WhiteTitle "IM"]
[BlackTitle "GM"]
[WhiteElo "2453"]
[BlackElo "2709"]
[WhiteFideId "4114060"]
[BlackFideId "14103320"]
[EventDate "2016.12.17"]

1. d4 Nf6 2. Nf3 e6 3. c4 b6 4. g3 Bb7 5. Bg2 Be7 6. O-O O-O 7. Re1 d5 8. cxd5
exd5 9. Nc3 Nbd7 10. Bf4 c5 11. Rc1 Ne4 12. dxc5 Ndxc5 13. Nd4 Bf6 14. b4 Bxd4
15. Qxd4 Ne6 16. Qe5 Nxc3 17. Rxc3 Rc8 18. Rxc8 Qxc8 19. Rc1 Qd7 20. Bh3 d4 21.
Bxe6 Qxe6 22. Qxe6 fxe6 23. Be5 Rc8 24. Rxc8+ Bxc8 25. Bxd4 Ba6 26. e4 Bc4 27.
a3 Kf7 28. f3 h5 29. h4 Bb3 30. Kf2 Bd1 31. Ke3 g6 32. Kf4 Be2 33. Be5 b5 34.
Bd4 a6 35. g4 hxg4 36. fxg4 Bd1 37. Kg5 Bc2 38. Kf4 Bd1 39. g5 Bc2 40. Ke5 Bd3
41. Bc5 Bc2 42. Bd6 Bb1 43. Kd4 Ke8 44. e5 Kd7 45. Kc5 Bd3 46. Kb6 Be2 47. Kb7
Bd3 48. Kb6 Be2 49. Bc5 Bd3 50. Bf8 Be2 51. Bd6 Bd3 52. Kc5 Be2 53. Bf8 Bf1 54.
Kb6 Be2 55. Bc5 Bd3 56. Bf2 Be2 57. Bg1 Bd3 58. Be3 Be2 59. Bd4 Bd3 60. Bg1 Be2
61. Kxa6 Kc6 62. Ka5 Bd1 63. Bf2 Bc2 64. Be3 Bd1 65. Bf2 Bc2 66. Be3 1/2-1/2

[Event "European Blitz 2016"]
[Site "Tallinn EST"]
[Date "2016.12.18"]
[Round "26.15"]
[White "Onischuk, Vladimir"]
[Black "Meskovs, Nikita"]
[Result "1-0"]
[WhiteTitle "GM"]
[BlackTitle "IM"]
[WhiteElo "2601"]
[BlackElo "2489"]
[WhiteFideId "14114038"]
[BlackFideId "11602740"]
[EventDate "2016.12.17"]

1. e4 c5 2. Nf3 e6 3. b3 b6 4. Bb2 Bb7 5. Nc3 Nc6 6. g3 Nf6 7. Bg2 Be7 8. O-O
O-O 9. e5 Ng4 10. h3 Nh6 11. g4 f6 12. d4 Nf7 13. exf6 Bxf6 14. Ne4 d5 15. Nxf6+
Qxf6 16. Rb1 Ng5 17. Nxg5 Qxg5 18. dxc5 bxc5 19. Qc1 Rf4 20. Qe3 Qh6 21. Rbe1
Ba6 22. Qxe6+ Qxe6 23. Rxe6 Bxf1 24. Bxd5 Kf8 25. Bxc6 Rd8 26. Kxf1 Rd2 27. Re2
Rd1+ 28. Kg2 Rd8 1-0

[Event "European Blitz 2016"]
[Site "Tallinn EST"]
[Date "2016.12.18"]
[Round "26.16"]
[White "Agrest, Evgenij"]
[Black "Kovalenko, Igor"]
[Result "0-1"]
[WhiteTitle "GM"]
[BlackTitle "GM"]
[WhiteElo "2593"]
[BlackElo "2684"]
[WhiteFideId "1705024"]
[BlackFideId "14117908"]
[EventDate "2016.12.17"]

1. c4 e5 2. Nc3 Bb4 3. Nd5 a5 4. a3 Be7 5. d4 d6 6. e4 Nd7 7. f3 c6 8. Nxe7 Qxe7
9. d5 a4 10. Bd3 Nc5 11. Bc2 f5 12. dxc6 fxe4 13. cxb7 Bxb7 14. Be3 Nf6 15. Qd2
O-O 16. O-O-O Rfd8 17. h3 Qe6 18. Qc3 Rdc8 19. Kb1 h6 20. fxe4 Bxe4 21. Nf3
Bxc2+ 22. Qxc2 Nce4 23. Nd2 Nxd2+ 24. Qxd2 Qxc4 25. Ka1 Ne4 26. Qd5+ Qxd5 27.
Rxd5 Kf7 28. Re1 Ke6 29. Rb5 Nf6 30. Rc1 Rxc1+ 31. Bxc1 Nd7 32. Be3 d5 33. Kb1
Kd6 34. Rb4 d4 35. Bd2 Nc5 36. Rb6+ Kd5 37. Bb4 Nd3 38. Bd2 Ra7 39. Rb5+ Ke4 40.
Kc2 h5 41. Kd1 Rf7 42. Rb6 Rf2 43. Rg6 Nxb2+ 44. Ke1 Nd3+ 45. Kd1 Rf7 46. Ra6
Nb2+ 47. Kc2 Nc4 48. Bc1 Rf2+ 49. Kb1 d3 50. Rxa4 Kd5 51. Ra8 d2 52. Rd8+ Ke4
53. Bb2 Nxb2 54. Rd7 0-1

[Event "European Blitz 2016"]
[Site "Tallinn EST"]
[Date "2016.12.18"]
[Round "26.17"]
[White "Kozul, Zdenko"]
[Black "Lobanov, Sergei"]
[Result "1-0"]
[WhiteTitle "GM"]
[WhiteElo "2613"]
[BlackElo "2429"]
[WhiteFideId "14502879"]
[BlackFideId "24183750"]
[EventDate "2016.12.17"]

1. Nf3 Nf6 2. g3 e6 3. Bg2 d5 4. O-O Be7 5. d3 O-O 6. Nbd2 c5 7. e4 Nc6 8. Re1
b6 9. e5 Nd7 10. Nf1 Bb7 11. h4 Qc7 12. Bf4 Rae8 13. c3 Qb8 14. d4 Bd8 15. N1h2
Bc7 16. Bd2 b5 17. Ng4 a5 18. h5 a4 19. Qb1 cxd4 20. cxd4 f5 21. exf6 gxf6 22.
Qd3 b4 23. Rac1 Kh8 24. Qb5 Ba8 25. Qxb8 Bxb8 26. b3 axb3 27. axb3 Bd6 28. Bf1
Bb7 29. Bb5 Ndb8 30. Rc2 Re7 31. Kh2 e5 32. Bh6 Rff7 33. Rd2 e4 34. Nh4 f5 35.
Ne3 Na5 36. Nexf5 Re6 37. Nxd6 Rxd6 38. Bf4 Rxf4 39. gxf4 Nxb3 40. Rdd1 Bc6 41.
Bf1 Rh6 42. Be2 Nd7 43. Rg1 Rf6 44. f5 Nb6 45. Kg3 Na4 46. Kf4 Nc3 47. Ke5 Rf8
48. f6 Nxe2 49. Nf5 Nc3 50. Rdf1 Be8 51. h6 Bg6 52. Ne7 Nd2 53. Rxg6 Nf3+ 1-0

[Event "European Blitz 2016"]
[Site "Tallinn EST"]
[Date "2016.12.18"]
[Round "26.18"]
[White "Ladva, Ottomar"]
[Black "Ruck, Robert"]
[Result "1-0"]
[WhiteTitle "GM"]
[BlackTitle "GM"]
[WhiteElo "2510"]
[BlackElo "2561"]
[WhiteFideId "4500024"]
[BlackFideId "705713"]
[EventDate "2016.12.17"]

1. Nf3 Nf6 2. c4 c5 3. Nc3 Nc6 4. d4 cxd4 5. Nxd4 e6 6. Bg5 Be7 7. e3 Qa5 8. Bh4
Ne4 9. Bxe7 Nxc3 10. Qd2 Nxe7 11. Nb5 O-O 12. Nxc3 Rd8 13. Be2 b6 14. Bf3 d5 15.
cxd5 Bb7 16. Rd1 exd5 17. O-O Rac8 18. a3 Ba6 19. Rfe1 Bc4 20. Qd4 Bb3 21. Rd2
h6 22. Qb4 Qxb4 23. axb4 Nc6 24. b5 Na5 25. Nxd5 Kf8 26. e4 Bxd5 27. exd5 Nc4
28. Rc2 Nd6 29. Rc6 Nxb5 30. Rec1 Rb8 31. R1c4 a5 32. Kf1 Nd6 33. Rc1 Rb7 34.
Ke2 Ke7 35. Kd3 a4 36. Kd4 b5 37. Kc5 b4 38. Re1+ Kf8 39. Rxd6 Rxd6 40. Kxd6 a3
41. bxa3 bxa3 42. Kc6 Rb2 43. d6 a2 44. d7 Rc2+ 45. Kd6 Rd2+ 46. Bd5 1-0

[Event "European Blitz 2016"]
[Site "Tallinn EST"]
[Date "2016.12.18"]
[Round "26.19"]
[White "Krutti, Valer"]
[Black "Zelbel, Patrick"]
[Result "0-1"]
[WhiteTitle "IM"]
[BlackTitle "IM"]
[WhiteElo "2361"]
[BlackElo "2448"]
[WhiteFideId "706248"]
[BlackFideId "24624322"]
[EventDate "2016.12.17"]

1. d4 Nf6 2. c4 e6 3. Nf3 Bb4+ 4. Bd2 a5 5. g3 d6 6. Bg2 Nbd7 7. O-O e5 8. Bc1
exd4 9. Nxd4 O-O 10. Qc2 Ne5 11. b3 Qe7 12. Nf5 Qd7 13. Ne3 c6 14. Nc3 Bc5 15.
Na4 Ba7 16. Rd1 Qe7 17. Nf5 Bxf5 18. Qxf5 Rad8 19. Ba3 Neg4 20. e3 Nxf2 21. Kxf2
Qxe3+ 22. Kf1 Qg1+ 0-1

[Event "European Blitz 2016"]
[Site "Tallinn EST"]
[Date "2016.12.18"]
[Round "26.20"]
[White "Skytte, Rasmus"]
[Black "Munoz, Miguel"]
[Result "0-1"]
[WhiteTitle "IM"]
[BlackTitle "GM"]
[WhiteElo "2390"]
[BlackElo "2473"]
[WhiteFideId "1404210"]
[BlackFideId "3800229"]
[EventDate "2016.12.17"]

1. e4 d5 2. exd5 Qxd5 3. Nc3 Qa5 4. d4 Nf6 5. Bc4 Nc6 6. Ne2 Bg4 7. f3 Be6 8.
Bxe6 fxe6 9. O-O O-O-O 10. a3 e5 11. b4 Nxb4 12. Bd2 Nc6 13. Rb1 exd4 14. Ne4
Qf5 15. N2g3 Qd5 16. a4 a6 17. Rb3 e5 18. Qb1 b6 19. Rxb6 cxb6 20. Qxb6 Kd7 21.
c4 dxc3 22. Qb7+ Ke8 23. Bxc3 Nd4 24. Qxa6 Qc6 25. Qa7 Nxe4 26. Nxe4 Ne2+ 27.
Kh1 Nxc3 0-1

[Event "European Blitz 2016"]
[Site "Tallinn EST"]
[Date "2016.12.18"]
[Round "26.21"]
[White "Zubritskiy, Artyom"]
[Black "Naiditsch, Arkadij"]
[Result "0-1"]
[WhiteTitle "IM"]
[BlackTitle "GM"]
[WhiteElo "2442"]
[BlackElo "2687"]
[WhiteFideId "4181247"]
[BlackFideId "4650891"]
[EventDate "2016.12.17"]

1. d4 Nf6 2. c4 e6 3. g3 Bb4+ 4. Bd2 c5 5. Bxb4 cxb4 6. Bg2 O-O 7. e4 d6 8. Ne2
Nc6 9. O-O e5 10. Qd2 Qb6 11. Rd1 Bg4 12. f3 Bd7 13. Qe3 a5 14. Nd2 Nxd4 15.
Nxd4 exd4 16. Qf2 Be6 17. Rac1 Rfc8 18. Nb3 Rxc4 19. Rxc4 Bxc4 20. Qxd4 Qxd4+
21. Rxd4 Bxb3 22. axb3 Ne8 23. Bh3 Kf8 24. Kf2 Ke7 25. Rc4 Ra6 26. Bc8 Rb6 27.
Ke3 Kd8 28. Bh3 Rc6 29. Kd4 Nc7 30. f4 g6 31. Kd3 Na6 32. Kd4 Nc5 33. Kd5 Kc7
34. e5 b6 35. Bg2 dxe5 36. fxe5 Re6 37. Rh4 h5 38. Rf4 Re7 39. Rf6 Rd7+ 40. Kc4
Ne6 41. Kb5 Re7 42. Bd5 Nd8 43. Kc4 Rxe5 44. Bxf7 Rc5+ 45. Kd4 Nc6+ 46. Ke3 Ne5
47. Kf4 g5+ 48. Ke4 h4 49. Bd5 Ng4 50. Rg6 Nf2+ 51. Kd4 hxg3 52. hxg3 g4 53.
Rg7+ Kd6 54. Rg6+ Kc7 55. Rg7+ Kd8 56. Ke5 Rc7 57. Rg8+ Ke7 58. Rg7+ Kd8 59.
Rg8+ Ke7 60. Rg7+ Kd8 61. Rg6 Re7+ 62. Kd4 Nd1 63. Rxb6 Nxb2 64. Ra6 Nd1 65.
Rxa5 Rd7 66. Kc5 Nc3 67. Bc6 Rc7 68. Ra6 Ne4+ 69. Kxb4 Nxg3 70. Kc5 Nf5 71. b4
g3 72. Ra2 Rg7 73. Ra8+ Ke7 74. Ra7+ Kd8 75. Ra8+ Ke7 76. Ra7+ Kd8 77. Ra8+ Ke7
78. b5 Rg5 79. b6 Nd6+ 80. Kb4 g2 81. Bxg2 Rxg2 82. Ra7+ Ke6 83. Kc5 Rc2+ 84.
Kb4 Rb2+ 85. Ka5 Nc4+ 86. Ka4 Nxb6+ 87. Ka5 Nc4+ 88. Ka4 Ra2+ 0-1

[Event "European Blitz 2016"]
[Site "Tallinn EST"]
[Date "2016.12.18"]
[Round "26.22"]
[White "Castellanos Rodriguez, Renier"]
[Black "Kobalia, Mikhail"]
[Result "1/2-1/2"]
[WhiteTitle "IM"]
[BlackTitle "GM"]
[WhiteElo "2491"]
[BlackElo "2628"]
[WhiteFideId "3404650"]
[BlackFideId "4119150"]
[EventDate "2016.12.17"]

1. e4 e5 2. Nf3 Nc6 3. Bb5 Nf6 4. d3 Bc5 5. Bxc6 dxc6 6. Nbd2 O-O 7. O-O Nd7 8.
Nc4 Re8 9. Kh1 f6 10. Bd2 Nf8 11. a4 Ne6 12. g3 Bf8 13. Bc3 c5 14. Nh4 Nd4 15.
b3 b6 16. Ne3 g6 17. Bxd4 cxd4 18. Nc4 Bg7 19. Qe1 f5 20. f3 f4 21. gxf4 exf4
22. Qf2 Bf6 23. Ng2 g5 24. Rg1 Kh8 25. Rae1 Bh3 26. Re2 Be5 27. Qe1 Qf6 28. Qb4
a6 29. Ne1 Rab8 30. Ng2 c5 31. Qe1 b5 32. axb5 axb5 33. Nxe5 Qxe5 34. Qf2 Ra8
35. Ree1 Ra7 36. Ra1 Rea8 37. Rxa7 Rxa7 38. Nh4 Rf7 39. Nf5 Qf6 40. b4 Bxf5 41.
exf5 Qxf5 42. bxc5 Qxc5 43. Re1 Kg7 44. Re2 b4 45. Kg2 h5 46. h3 Kg6 47. Qe1 Rf6
48. Kh1 b3 49. cxb3 Qc3 50. Kg2 Qxe1 51. Rxe1 Rc6 52. Rb1 Rb6 53. b4 Rb5 54. Kf2
Kf5 55. Ke2 Ke5 56. Kd2 Kf5 57. Kc2 g4 58. hxg4+ hxg4 59. fxg4+ Kxg4 60. Kb3 Rb8
61. Kc4 f3 62. Kxd4 f2 63. Kc5 Rc8+ 64. Kd6 Rd8+ 65. Kc7 Rxd3 66. b5 Rb3 67. Rf1
Rxb5 1/2-1/2

[Event "European Blitz 2016"]
[Site "Tallinn EST"]
[Date "2016.12.18"]
[Round "26.23"]
[White "Dzhumagaliev, Yan"]
[Black "Sarana, Alexey"]
[Result "1-0"]
[WhiteTitle "FM"]
[BlackTitle "IM"]
[WhiteElo "2400"]
[BlackElo "2457"]
[WhiteFideId "24100110"]
[BlackFideId "24133795"]
[EventDate "2016.12.17"]

1. h4 d5 2. h5 Nc6 3. c3 e5 4. d4 e4 5. Bf4 h6 6. e3 Nf6 7. a3 Be6 8. Nd2 Be7 9.
c4 O-O 10. Nh3 Qd7 11. Bg3 Bg4 12. Be2 dxc4 13. Nxc4 Bxe2 14. Qxe2 Nd5 15. Nf4
Bg5 16. Nxd5 Qxd5 17. O-O Rac8 18. Rac1 Nd8 19. Nd6 Rb8 20. Rc5 Qb3 21. Nxe4 Ne6
22. Rb5 Qa4 23. Nc5 Nxc5 24. Rxc5 Rbc8 25. Qb5 Qxb5 26. Rxb5 b6 27. Rc1 c6 28.
Rb3 Be7 29. Rbc3 c5 30. b4 Rfd8 31. dxc5 bxc5 32. bxc5 Rc6 33. Be5 Rd5 34. Bd4
Rxh5 35. Rb3 Bf6 36. Rb8+ Kh7 37. Rb7 a6 38. Rxf7 Kg6 39. Rb7 Rd5 40. Rc4 Bxd4
41. exd4 Kf5 42. Rxg7 Ke4 43. Rg3 h5 44. Re3+ Kf4 45. g3+ Kg4 46. Kg2 Kf5 47.
Kh3 Kg6 48. Kh4 Rf6 49. f4 Rd8 50. c6 Rb8 51. c7 Rb1 52. Kh3 Rfb6 53. c8=Q Rh1+
54. Kg2 1-0